000 00223nam a2200097Ia 4500
008 230915s9999 xx 000 0 und d
050 _aHB 172.5 .S54
100 _aSLAVIN,STEPHEN L.
245 0 _aMACROECONOMICS
942 _cBK
999 _c74137
_d74137